Modelovanie dlhodobého rozvoja československej ekonomiky ako viacoblastného systému analýza niektorých fáz procesu reprodukcie a rozvoj metód

Salvato in:
Dettagli Bibliografici
Natura: Libro
Lingua:slovacco
Pubblicazione: Bratislava VŠE 1989
Tags: Aggiungi Tag
Nessun Tag, puoi essere il primo ad aggiungerne!!

MARC

LEADER 00000nam a2200000 4500
001 c028209
005 20260325123037.3
041 0 |a slo 
044 |a SK 
245 1 0 |a Modelovanie dlhodobého rozvoja československej ekonomiky ako viacoblastného systému  |b analýza niektorých fáz procesu reprodukcie a rozvoj metód 
264 1 |a Bratislava  |b VŠE  |c 1989 
300 |a 149 s.